UBT Library

The Care of the Rheumatoid Hand (Record no. 50849)

000 -LEADER
fixed length control field 00270nam a22001217a 4500
008 - FIXED-LENGTH DATA ELEMENTS--GENERAL INFORMATION
fixed length control field 181024b xxu||||| |||| 00| 0 eng d
041 ## - LANGUAGE CODE
Language code of text/sound track or separate title eng
080 ## - UNIVERSAL DECIMAL CLASSIFICATION NUMBER
Universal Decimal Classification number 617
100 ## - Rafti
Rafti 8
101 ## - Shkurtesa
Shkurtesa ORT
245 ## - TITLE STATEMENT
Title The Care of the Rheumatoid Hand
Statement of responsibility, etc Flatt,A.E
942 ## - ADDED ENTRY ELEMENTS (KOHA)
Source of classification or shelving scheme
Item type Books
Holdings
Withdrawn status Lost status Source of classification or shelving scheme Damaged status Not for loan Collection code Permanent location Current location Shelving location Date acquired Total Checkouts Full call number Barcode Date last seen Price effective from Koha item type
          Koleksioni i përgjithshem UBT - Lipjan UBT - Lipjan Koleksioni i përgjithshem 10/24/2018   617 FLAT 002-3016651 10/24/2018 10/24/2018 Books
UBT Library © 2015-2024. All rights reserved University Education for Business and Technology